000 006020000a22001810004500
003 MACL
005 20160503130045.0
008 160503b xxu||||| |||| 00| 0 eng d
040 _aMACL
_cMACL
041 _aHindi
082 _a800 RAY
100 _aरे, शिवनारायण
_954931
245 _aरवीन्‍द्रनाथ, शेक्‍सपियर और रक्षत्र संकेत
260 _bजनवाणी प्रकाशन
_c1999
_aनई दिल्‍ली
350 _a200
650 _aLiterature
_954932
942 _cHIN
_k800/RAY/L
_2ddc
999 _c9184
_d9184